| LEADER | 00870Cam#a22002655a#4500 | ||
|---|---|---|---|
| 001 | 019775 | ||
| 005 | 20160721155021.0 | ||
| 008 | 080331s1993||||fr st||f|# |#|spa#d | ||
| 020 | |a 856890458 | ||
| 028 | 3 | 0 | |a A. L. 27702 |b Alphonse Leduc |
| 040 | |a AR-beUNQ | ||
| 047 | |a st | ||
| 082 | 0 | 4 | |a 781 |2 21 |
| 100 | 1 | |a Messiaen, Olivier |d 1908-1992 | |
| 245 | 0 | 2 | |a Técnica de mi lenguaje musical / |c por Olivier Messiaen; traducción Daniel Bravo López. |
| 260 | |a Paris : |b Alphonse Leduc, |c c1993. | ||
| 300 | |a 111 p. |e 31 cm | ||
| 500 | |a "Textos con ejemplos musicales". | ||
| 650 | 7 | |a Música |2 Spines | |
| 650 | 7 | |a Lenguajes |2 Spines | |
| 700 | 1 | |a Bravo López, Daniel |e tr | |
| 929 | |c Exp. 827-0517/07 1a. compra |d 275,00 |e 20080225 |f PAT0022730 |j 41581 | ||
| 929 | |c Exp. 827-0517/07 1a. compra |d 275,00 |e 20080225 |f PAT0022731 |j 41582 | ||
| 942 | |c LIB |n 0 | ||
| 999 | |c 19554 |d 94941 | ||